Visualizzazione normale
Vista MARC
- SSP Provincia Brasileira
di Personal Name
Records bibliografici associati: 1
001 - CONTROL NUMBER
- control field: 567
003 - CONTROL NUMBER IDENTIFIER
- control field: IT-RoPau
005 - DATE AND TIME OF LATEST TRANSACTION
- control field: 20130520103008.0
008 - FIXED-LENGTH DATA ELEMENTS
- fixed length control field: 130520|| aca||aabn | a|a d
040 ## - CATALOGING SOURCE
- Original cataloging agency: IT-RoPau
- Transcribing agency: IT-RoPau
100 ## - HEADING--PERSONAL NAME
- Personal name: SSP Provincia Brasileira
670 ## - SOURCE DATA FOUND
- Source citation: Work cat.: (IT-RoPau): SSP Provincia Brasileira, No centro está Cristo Caminho, Verdade e Vida, 1986